000 00473nam a2200193Ia 4500
005 20250603144444.0
008 250603s9999 xx 000 0 und d
020 _a9788182811652
050 _aHB 171.5 .J45/
100 _aJhingan, M. L.
245 0 _aAdvanced economic theory : micro and macro economics
250 _a13th ed.
260 _aNew Delhi
260 _bVrinda Publication
260 _c2009
300 _a1026 p
650 _aNew Delhi
942 _cBK
999 _c38975
_d38975